| 000 | 00638nam a2200133Ia 4500 | ||
|---|---|---|---|
| 008 | 220216s9999 xx 000 0 und d | ||
| 100 | _aJoseph T.[a] | ||
| 245 | 0 | _aFrom primary exports to value addition: Emerging trends in major natural rubber producing countries | |
| 260 |
_bIn: Plantation crops research and development in the new millennium: Placrosym XIV, 12-15 December 2000, Hyderabad, India. (Eds. P. Rethinam, H.H. Khan, V.M. Reddy, P.K. Mandal and K. Suresh). Coconut Development Board, Kochi, India, pp.184-191. _c2002 |
||
| 650 | _aRubber product export | ||
| 650 | _aValue addition | ||
| 700 |
_aGeorge _BK.T. |
||
| 942 | _cBS | ||
| 999 |
_c52567 _d52567 |
||